000
00233nam a2200085Ia 4500
008
170620s9999 xx 000 0 und d
100
_a
Bansal- S. K.
245
0
_a
Information System Management
260
_b
New Delhi- A.P.H. Publishing corporation
260
_c
2003
999
_c
23924
_d
23924